<?xml version="1.0" encoding="UTF-8"?>
<record
    xmlns:xsi="http://www.w3.org/2001/XMLSchema-instance"
    xsi:schemaLocation="http://www.loc.gov/MARC21/slim http://www.loc.gov/standards/marcxml/schema/MARC21slim.xsd"
    xmlns="http://www.loc.gov/MARC21/slim">

  <leader>01834nam a22002057a 4500</leader>
  <controlfield tag="008">110819t        xxu||||| |||| 00| 0 eng d</controlfield>
  <datafield tag="020" ind1=" " ind2=" ">
    <subfield code="a">9781418836405</subfield>
  </datafield>
  <datafield tag="020" ind1=" " ind2=" ">
    <subfield code="a">1418836400</subfield>
  </datafield>
  <datafield tag="050" ind1=" " ind2=" ">
    <subfield code="a">QA76.73.C153M11</subfield>
  </datafield>
  <datafield tag="100" ind1=" " ind2=" ">
    <subfield code="a"> Malik D.S.</subfield>
    <subfield code="q">D.S. Malik.</subfield>
  </datafield>
  <datafield tag="245" ind1=" " ind2=" ">
    <subfield code="a">C++ programming : program design including data structures. /</subfield>
    <subfield code="c">D.S. Malik</subfield>
  </datafield>
  <datafield tag="250" ind1=" " ind2=" ">
    <subfield code="a">3rd ed</subfield>
  </datafield>
  <datafield tag="260" ind1=" " ind2=" ">
    <subfield code="a">Boston, MA</subfield>
    <subfield code="b">Thomson Course Technology</subfield>
    <subfield code="c">2007</subfield>
  </datafield>
  <datafield tag="300" ind1=" " ind2=" ">
    <subfield code="a">xlvii, 1575 p.:</subfield>
    <subfield code="b">col. ill. </subfield>
    <subfield code="c">23 cm</subfield>
  </datafield>
  <datafield tag="500" ind1=" " ind2=" ">
    <subfield code="a">Includes index.</subfield>
  </datafield>
  <datafield tag="505" ind1=" " ind2=" ">
    <subfield code="a">Contents: An Overview of computers and programming languages -- Basic elements of C++ -- Input/output -- Control structures  I (selection) -- Control structures II (repetition) -- User-defined functions I -- User-defined-functions II -- User-defined simple data types,name spaces, and the string type -- Arrays and strings -- Records (structS) -- Classes and data abstraction -- Inheritance and composition -- Pointers,classes,virtual functions,abstract classes, and lists -- Overloading and templates -- Exception handling -- Recursion -- Linked lists -- Stacks and queues -- Searching and sorting algorithms -- Binary trees -- Graphs -- Standard template library (STL) -- Appendix A: Reserved words -- Appendix B: Operator precedence -- Appendix C: Character sets -- Appendix D: Operator overloading -- Appendix E: Additional C++ topics -- Appendix F: Header files -- Appendix G: Memmory size on a system and random number generator -- Appendix H: References -- Appendix I: Answers to odd numbered exercises:Chapter 1-22 </subfield>
  </datafield>
  <datafield tag="520" ind1=" " ind2=" ">
    <subfield code="a">Summary: Written for the students, this book uses problem solving to offer coverage of introductory C++ programming topics and then moves on to more advanced concepts. It contains numerous explanations and examples</subfield>
  </datafield>
  <datafield tag="650" ind1=" " ind2=" ">
    <subfield code="a">C++ (Computer program language) </subfield>
  </datafield>
  <datafield tag="942" ind1=" " ind2=" ">
    <subfield code="2">ddc</subfield>
    <subfield code="c">BK</subfield>
  </datafield>
  <datafield tag="999" ind1=" " ind2=" ">
    <subfield code="c">14</subfield>
    <subfield code="d">7514</subfield>
  </datafield>
  <datafield tag="952" ind1=" " ind2=" ">
    <subfield code="0">0</subfield>
    <subfield code="1">0</subfield>
    <subfield code="2">lcc</subfield>
    <subfield code="4">0</subfield>
    <subfield code="7">0</subfield>
    <subfield code="a">WIUC-1</subfield>
    <subfield code="b">WIUC-1</subfield>
    <subfield code="c">GEN</subfield>
    <subfield code="d">2011-08-19</subfield>
    <subfield code="l">0</subfield>
    <subfield code="o">QA76.73.C153M27</subfield>
    <subfield code="p">017/11</subfield>
    <subfield code="r">2011-08-19 00:00:00</subfield>
    <subfield code="t">1</subfield>
    <subfield code="w">2011-08-19</subfield>
    <subfield code="y">BK</subfield>
  </datafield>
  <datafield tag="952" ind1=" " ind2=" ">
    <subfield code="0">0</subfield>
    <subfield code="1">0</subfield>
    <subfield code="2">lcc</subfield>
    <subfield code="4">0</subfield>
    <subfield code="7">0</subfield>
    <subfield code="a">WIUC-1</subfield>
    <subfield code="b">WIUC-1</subfield>
    <subfield code="c">GEN</subfield>
    <subfield code="d">2011-08-19</subfield>
    <subfield code="l">0</subfield>
    <subfield code="o">QA76.73.C153M271</subfield>
    <subfield code="p">018/11</subfield>
    <subfield code="r">2011-08-19 00:00:00</subfield>
    <subfield code="t">2</subfield>
    <subfield code="w">2011-08-19</subfield>
    <subfield code="y">BK</subfield>
  </datafield>
  <datafield tag="952" ind1=" " ind2=" ">
    <subfield code="0">0</subfield>
    <subfield code="1">0</subfield>
    <subfield code="2">lcc</subfield>
    <subfield code="4">0</subfield>
    <subfield code="7">0</subfield>
    <subfield code="a">WIUC-1</subfield>
    <subfield code="b">WIUC-1</subfield>
    <subfield code="c">REF</subfield>
    <subfield code="d">2011-08-19</subfield>
    <subfield code="l">0</subfield>
    <subfield code="o">QA76.73.C153M272REF</subfield>
    <subfield code="p">019/11</subfield>
    <subfield code="r">2011-08-19 00:00:00</subfield>
    <subfield code="t">3</subfield>
    <subfield code="w">2011-08-19</subfield>
    <subfield code="y">BK</subfield>
  </datafield>
  <datafield tag="952" ind1=" " ind2=" ">
    <subfield code="0">0</subfield>
    <subfield code="1">0</subfield>
    <subfield code="2">lcc</subfield>
    <subfield code="4">0</subfield>
    <subfield code="7">0</subfield>
    <subfield code="a">WIUC-1</subfield>
    <subfield code="b">WIUC-1</subfield>
    <subfield code="c">GEN</subfield>
    <subfield code="d">2012-07-23</subfield>
    <subfield code="l">0</subfield>
    <subfield code="o">QA76.73.C153M273</subfield>
    <subfield code="p">4647/12</subfield>
    <subfield code="r">2012-07-23 00:00:00</subfield>
    <subfield code="t">4</subfield>
    <subfield code="w">2012-07-23</subfield>
    <subfield code="y">BK</subfield>
  </datafield>
  <datafield tag="952" ind1=" " ind2=" ">
    <subfield code="0">0</subfield>
    <subfield code="1">0</subfield>
    <subfield code="2">lcc</subfield>
    <subfield code="4">0</subfield>
    <subfield code="7">0</subfield>
    <subfield code="a">WIUC-1</subfield>
    <subfield code="b">WIUC-1</subfield>
    <subfield code="c">GEN</subfield>
    <subfield code="d">2012-07-23</subfield>
    <subfield code="l">0</subfield>
    <subfield code="o">QA76.73.C153M274</subfield>
    <subfield code="p">4648/12</subfield>
    <subfield code="r">2012-07-23 00:00:00</subfield>
    <subfield code="t">5</subfield>
    <subfield code="w">2012-07-23</subfield>
    <subfield code="y">BK</subfield>
  </datafield>
</record>
